Statistics for Billboard Hot 100 Year-End Singles of 2015

Click here to take the quiz!

General Stats

  • This quiz has been taken 923 times
  • The average score is 58 of 100

Answer Stats

# Song Artist % Correct
29StyleTaylor Swift
97%
15Bad BloodTaylor Swift featuring Kendrick Lamar
97%
18Shake It OffTaylor Swift
97%
7Blank SpaceTaylor Swift
97%
57Wildest DreamsTaylor Swift
97%
56Love Me HarderAriana Grande & The Weeknd
94%
92Don'tEd Sheeran
93%
34PhotographEd Sheeran
93%
2Thinking Out LoudEd Sheeran
93%
76Like I'm Gonna Lose YouMeghan Trainor featuring John Legend
92%
28All About That BassMeghan Trainor
92%
22Lips Are MovinMeghan Trainor
92%
74Dear Future HusbandMeghan Trainor
92%
10The HillsThe Weeknd
91%
46AnimalsMaroon 5
91%
52Elastic HeartSia
91%
90ChandelierSia
91%
5SugarMaroon 5
91%
9Earned It (Fifty Shades Of Grey)The Weeknd
91%
12Can't Feel My FaceThe Weeknd
91%
35HelloAdele
90%
99Back To BackDrake
89%
30Hotline BlingDrake
89%
42FourFiveSecondsRihanna, Kanye West & Paul McCartney
89%
80Bang BangJessie J, Ariana Grande & Nicki Minaj
88%
33What Do You Mean?Justin Bieber
87%
48B**** Better Have My MoneyRihanna
86%
1Uptown Funk!Mark Ronson featuring Bruno Mars
85%
26I'm Not The Only OneSam Smith
82%
81Lay Me DownSam Smith
82%
58Stay With MeSam Smith
82%
13Love Me Like You DoEllie Goulding
81%
14Take Me To ChurchHozier
81%
3See You AgainWiz Khalifa featuring Charlie Puth
80%
11CheerleaderOMI
79%
36StitchesShawn Mendes
74%
75Marvin GayeCharlie Puth featuring Meghan Trainor
70%
98Night ChangesOne Direction
70%
65Drag Me DownOne Direction
70%
16Lean OnMajor Lazer & DJ Snake featuring M0
67%
67One Last TimeAriana Grande
67%
27Good For YouSelena Gomez featuring A$AP Rocky
66%
62The Heart Wants What It WantsSelena Gomez
66%
44My WayFetty Wap featuring Monty
65%
4Trap QueenFetty Wap
65%
21679Fetty Wap featuring Remy Boyz
65%
23Worth ItFifth Harmony featuring Kid Ink
63%
38JealousNick Jonas
63%
68ChainsNick Jonas
63%
53Cool For The SummerDemi Lovato
63%
66Truffle ButterNicki Minaj featuring Drake & Lil Wayne
60%
51OnlyNicki Minaj featuring Drake, Lil Wayne & Chris Brown
60%
6Shut Up And DanceWalk The Moon
59%
100How Deep Is Your LoveCalvin Harris & Disciples
58%
17Want To Want MeJason Derulo
57%
617/11Beyonce
56%
37Talking BodyTove Lo
54%
43CenturiesFall Out Boy
54%
77Habits (Stay High)Tove Lo
54%
60Uma ThurmanFall Out Boy
54%
32G.D.F.R.Flo Rida featuring Sage The Gemini & Lookas
49%
8Watch MeSilento
47%
31Hey MamaDavid Guetta featuring Nicki Minaj, Bebe Rexha & Afrojack
47%
19Where Are U NowSkrillex & Diplo with Justin Bieber
47%
20Fight SongRachel Platten
44%
91Heartbeat SongKelly Clarkson
42%
73Ex's & Oh'sElle King
42%
71RiptideVance Joy
40%
86AyoChris Brown & Tyga
40%
39Time Of Our LivesPitbull & Ne-Yo
39%
89BudapestGeorge Ezra
39%
84DowntownMacklemore & Ryan Lewis featuring Eric Nally, Melle Mel, Kool Moe Dee & Grandmaster Caz
38%
47I Don't F**k With YouBig Sean featuring E-40
37%
88BlessingsBig Sean featuring Drake
37%
59You Know You Like ItDJ Snake & AlunaGeorge
34%
25Honey, I'm Good.Andy Grammer
33%
93GhostElla Henderson
30%
94HereAlessia Cara
29%
54RenegadesX Ambassadors
29%
55I Don't MindUsher featuring Juicy J
28%
70No TypeRae Sremmurd
26%
40Locked AwayR. City featuring Adam Levine
26%
24Post To BeOmarion featuring Chris Brown & Jhene Aiko
25%
95WavesMr. Probz
23%
97She KnowsNe-Yo featuring Juicy J
22%
96El Perdon (Forgiveness)Nicky Jam & Enrique Iglesias
22%
85House PartySam Hunt
20%
45Take Your TimeSam Hunt
20%
64Slow MotionTrey Songz
20%
49Flex (Ooh Ooh Ooh)Rich Homie Quan
18%
63Girl CrushLittle Big Town
18%
50Nasty FreestyleT-Wayne
17%
69All Eyes On YouMeek Mill featuring Chris Brown & Nicki Minaj
16%
72Classic ManJidenna featuring Roman GianArthur
16%
41SomebodyNatalie La Rose featuring Jeremih
15%
83Hit The QuaniLoveMemphis
15%
87Kick The Dust UpLuke Bryan
14%
79CocoO.T. Genasis
13%
82TuesdayI Love Makonnen featuring Drake
12%
78The Hanging TreeJames Newton Howard featuring Jennifer Lawrence
9%

Score Distribution

Percentile by Number Answered

Percent of People with Each Score

Your Score History

You have not taken this quiz